000 00519cas a22001935a 4500
001 L275
008 070614c1993 xxkqr p 0 a0eng
022 0 _a0967-0513
035 _a(Sirsi) u98904
041 0 _aeng
245 0 0 _aLand Contamination and Reclamation
260 _aRichmond
_bEPP Publications
_c1993-
362 0 _aKept for five years
554 _aFour per year
651 4 _aInternational
690 _aPROPERTY-RURAL AND NATURAL ASSETS-LAND-CONTAMINATED LAND
942 _n0
948 _c18/08/1994
999 _c118572
_d118572